00750nam a2200169Ia 4500001001100000003000500011008004100016010001100057040000900068100004900077245021900126260003400345300002200379502008900401700004000490710005000530Para_10313CHAP220125sJuni xx 000 0 und d a205320 cCHAP aVelázquez Martínez, Guadalupe del Carmen aEtiología de la pudrición carbonosa de la caña de azúcar (Saccharum officinarum L.) en la región de Papaloapan, Veracruz /c Guadalupe del Carmen Velázquez Martínez; Director Santos Gerardo Leyva Mir aChapingo, Méx. :b el autor a1 CDS ROM (36 p.) aTesis (M.C. en Protección Vegetal). UACh. Departamento Parasitología Agrícola aLerva Mir, Santos Gerardo. Director aUACh Departamento Parasitología Agrícola